| 000 | 00489 a2200193 4500 | ||
|---|---|---|---|
| 005 | 20260210104616.0 | ||
| 008 | 260209b |||||||| |||| 00| 0 eng d | ||
| 020 |
_a9789364139427 _cRs. 1895.00 |
||
| 040 | _aMAIN | ||
| 082 |
_a658.403 _bS58M |
||
| 100 | _aLal, Sanjay | ||
| 245 | _aManagerial economics | ||
| 260 |
_bArihant Books _c2024 _aNew Delhi |
||
| 300 | _aviii, 248 | ||
| 650 | _aManagement | ||
| 650 | _aManagerial Economics | ||
| 650 | _aConsumer Behaviour | ||
| 942 | _cBK | ||
| 999 |
_c395941 _d395941 |
||